| 000 | 00730nam a22002417a 4500 | ||
|---|---|---|---|
| 005 | 20170124110106.0 | ||
| 010 | _aB-083094 | ||
| 020 |
_c295.00 _a8176710458 |
||
| 035 | _aB-083094 | ||
| 037 | _bCen Lib/Ret | ||
| 040 |
_aDPL _bEN |
||
| 082 |
_a669.9 _bREE |
||
| 100 |
_aReed-Hill, Robert E. _928107 |
||
| 245 |
_aPhysical metallurgy principles / _cby Robert E.Reed-Hill |
||
| 250 | _a2nd ed | ||
| 260 |
_aNew Delhi _bAffiliated East-West Press _c2004 |
||
| 270 |
_a105, Nirmal Tower, 26 Barakhamba Road _bNew Delhi _e110001 |
||
| 300 |
_axiii,920p. : _c21cm(pbk) _bill. |
||
| 500 | _aIncludes index | ||
| 650 |
_aPhysical Science _925044 |
||
| 650 |
_aMetallurgy _928108 |
||
| 942 |
_2ddc _cEN _h669.9 _mREE |
||
| 999 |
_c130033 _d130033 |
||